Destiny General Knowledge - Statistics

General Stats
  • This quiz has been taken 844 times
  • The average score is 22 of 24
Answer Stats
Hint Answer % Correct
First enemies you encounter The Fallen
97%
Your guide throughout your journey The Ghost
97%
Second most rare quality item (Purple) Legendary
96%
Middle rarity quality item (Blue) Rare
96%
The side of the war you fight for The Light
96%
Least rare item quality (White) Common
95%
Most rare quality item (Yellow) Exotic
95%
Personal vehicle your ghost can spawn for you Sparrow
95%
Third weapon slot Heavy
94%
First weapon slot Primary
94%
Central hub for guardians The Tower
94%
Third type of enemy you encounter and main story enemy The Vex
94%
Second least rare item quality (Green) Uncommon
94%
What is required to level past 20? Light
93%
Agent of the Nine who sells exotics Xur
93%
Second type of enemy you encounter The Hive
92%
Final type of enemy you encounter The Cabal
91%
Training ground where guardians fight The Crucible
86%
The side your enemies fight for The Darkness
86%
Watcher of the Traveler The Speaker
86%
Second weapon slot Special
84%
The person who decrypts engrams The Cryptarch
74%
Leaders of the Guardians The Vanguard
70%
Person who follows you throughout the campaign The Stranger
69%
No matching quizzes found
Score Distribution
Percent of People with Each Score
Percentile by Number Answered
Your Score History
You have not taken this quiz